Pokedex pokemon (difficile) - Statistiques

Statistiques générales
  • Ce quiz a été pris 239 fois
  • Le résultat moyen est 15 sur 25
Statistiques - réponses
Hint Réponse % Correct
voltorbe electrode
80%
florizare salameche
80%
evoli aquali
78%
nidoqueen nidoran
78%
pikachu raichu
78%
kicklee tygnon
77%
mimitoss aeromite
76%
smogo smogogo
75%
kokyas crustabri
74%
rhinocorne rhinoferos
74%
papilusion aspicot
72%
sulfura minidraco
71%
ptera ronflex
59%
roucarnage rattata
58%
magmar scarabrute
57%
ectoplasma onix
47%
rapasdepic abo
44%
poissoroy stari
41%
nosferalto mystherbe
38%
persian psykokwak
38%
feunard rondoudou
38%
tartard abra
34%
galopa ramoloss
33%
dodrio otaria
30%
mackogneur chetiflor
28%
Aucun quiz correspondant
Distribution des résultats
% des personnes avec chaque résultat
Percentile par nombre de réponses
Votre historique - résultats
Vous n’avez pas pris ce quiz